00697nam a2200205 a 4500001001000000005001700010008004100027020001500068040001800083050002200101100002200123245007200145260004200217300004200259440003400301500005500335504002900390650001800419650005400437BRCA_120820190320203328.0900424s1989 sp-a---##b---f001-0#spa-# a8476280629 aDLCcDLCdDLC 4aML1049b.U33 19891 aUdaeta, José de10aLa castañuela españolaborigen y evolucióncJosé de Udaeta. aBarcelonabEdiciones del Serbalc1989 a127 p.bil. (algunas a color)c28 cm. 0aViajes, países, culturasv5 aIncluye índice onomástico e índice de bailes aBibliografía: p. [125]14aCastañuelas14aMúsica bailablexHistoria y críticazEspaña